000 00370nam a2200145Ia 4500
008 230917s9999||||xx |||||||||||||| ||und||
040 _e38922
_aMAIN
041 _aEnglish
082 _a954.03 R217C
100 _aRay, Ratnalekha
245 0 _aChange in Bengal Agrarian society c1760-1850
260 _aNew Delhi
_bManohar
_c1979
300 _ax, 339 p.
942 _cBK
999 _c206079
_d206079